Selected Works of Jawaharlal Nehru: (Record no. 188401)

MARC details
000 -LEADER
fixed length control field 00602nam a22001817a 4500
005 - DATE AND TIME OF LATEST TRANSACTION
control field 20230406113755.0
010 ## - LCCN (DPL NO)
LC control number ENG-132745
020 ## - INTERNATIONAL STANDARD BOOK NUMBER
International Standard Book Number 9780199494774
Terms of availability 1695.00
035 ## - SYSTEM CONTROL NUMBER
System control number EN-116277
037 ## - SOURCE OF ACQUISITION
Source of stock number/acquisition DBAD/PUB
082 ## - DEWEY DECIMAL CLASSIFICATION NUMBER
Classification number 954.0420924
245 ## - TITLE STATEMENT
Title Selected Works of Jawaharlal Nehru:
Remainder of title 20 July - 30 September 1962/
Statement of responsibility, etc Edited by Madhavan K. Palat
260 ## - PUBLICATION, DISTRIBUTION, ETC. (IMPRINT)
Place of publication, distribution, etc New Delhi
Name of publisher, distributor, etc Jawaharlal Nehru Memorial Fund
Date of publication, distribution, etc 2015
270 ## - ADDRESS
Address Teen Murti House
City New Delhi
Postal code 110011
300 ## - PHYSICAL DESCRIPTION
Extent xxxi, 882p.
Other physical details Index
Dimensions 25cm(hbk)
700 ## - ADDED ENTRY--PERSONAL NAME
Personal name Palat, Madhavan K.
942 ## - ADDED ENTRY ELEMENTS (KOHA)
Source of classification or shelving scheme Dewey Decimal Classification
Item type English Books
Classification part 954.0420924
Call number suffix SEL
Holdings
Withdrawn status Lost status Not for loan Collection code Home library Current library Date acquired Source of acquisition Cost, normal purchase price Full call number Barcode Copy number Cost, replacement price Koha item type
      Reference Central Library Central Library 20/05/2022 DBAD/PUB 1695.00 954.0420924 SEL EN-116277 1 1695.00 English Books

© Delhi Public Library
Hit Counter
free hit counter